000 00755cab a2200217 4500
001 ##ABS52831
008 090401t1995 xxu||||| |||| 00| 0 eng d
035 _a(Sirsi) u368
041 0 _aeng
100 1 _aHowell, J.
245 0 0 _aTimber treatment: better safe than sorry
260 _c1995
350 _a0
490 0 _aBuilding Engineer
_v70(4) May 1995, 14-16(3)
520 _aExamines health and safety aspects of the use of chemicals in timber treatment.
520 _aThis item is no longer held by the RICS Library but made be available through inter-library loan. Please ask Library staff for details
651 4 _aUnited Kingdom
_y
690 _aMANAGEMENT-HEALTH AND SAFETY-HAZARDOUS SUBSTANCES
942 _n0
_2ddc
948 _c04/03/1997
999 _c141
_d141